00390nam a2200145 a 45000010005000000030009000050080041000140400028000550820009000831000019000922450062001112600034001733000014002076500023002212297CO-ViMGA141112s2004 ck r 000 u spa d aCO-ViMGAbspacCO-ViMGA04aCADp1 aCadman, Eileen10aEl principe pinchón / cCadman Eilleen , Bell Jennifer  aBarcelona : bEl arca, c1993 a28 p : il14aCUENTOS INFANTILES